[Event "ESP-ch U14"]
[Site "Mondariz"]
[Date "2003.06.27"]
[Round "5"]
[White "Del Moral de la Bastida, Ramon"]
[Black "Sig Vargas, Marcos"]
[Result "0-1"]
[WhiteElo "2095"]
[BlackElo "2166"]
[PlyCount "132"]
[EventDate "2003.06.26"]
[EventType "swiss"]
[EventRounds "8"]
[EventCountry "ESP"]
[SourceTitle "EXT 2004"]
[Source "ChessBase"]
[SourceDate "2003.11.25"]
[SourceVersion "1"]
[SourceVersionDate "2003.11.25"]
[SourceQuality "1"]

1. d4 Nf6 2. Nf3 d5 3. c4 e6 4. Bg5 Be7 5. Nc3 0-0 6. e3 Nbd7 7. Bd3 dxc4 8. Bxc4 c5 9. 0-0 a6 10. a4 cxd4 11. Nxd4 Qb6 12. Qd2 Qc5 13. Bxf6 Nxf6 14. Bd3 Bd6 15. Rac1 Rd8 16. Qe2 Qg5 17. Nf3 Qh6 18. Rfd1 Kh8 19. Ne4 Bb8 20. Neg5 Bxh2+ 21. Kf1 Rf8 22. g3 e5 23. Rc7 Bh3+ 24. Ke1 Bg4 25. e4 Qh5 26. Bc4 h6 27. Nxf7+ Kh7 28. N7xe5 Bxf3 29. Nxf3 Ne8 30. Bf7 Qa5+ 31. Rc3 Rxf7 32. Nxh2 Qxa4 33. Qc4 Qxc4 34. Rxc4 Nf6 35. Ke2 b5 36. Rcd4 a5 37. Ke3 g5 38. f3 Nh5 39. Rd7 Ra7 40. Rxa7 Rxa7 41. Nf1 a4 42. Ra1 Rc7 43. Kd3 Rf7 44. Ke3 Rc7 45. Kd3 Kg7 46. Kd2 Kf6 47. Ne3 Ke5 48. Nf5 g4 49. fxg4 Nf6 50. Nxh6 Nxe4+ 51. Kd3 Nc5+ 52. Ke3 Rd7 53. Ke2 Nb3 54. Rd1 Rc7 55. Kd3 Rc4 56. g5 Nc5+ 57. Ke2 Ne4 58. Ng4+ Ke6 59. Kf3 Nxg5+ 60. Kg2 Rxg4 61. Rd3 Rb4 62. Rd2 Rb3 63. g4 b4 64. Kf1 a3 65. bxa3 bxa3 66. Ra2 Rb1+ 0-1

[Event "ESP-ch U14"]
[Site "Mondariz"]
[Date "2003.06.25"]
[Round "3"]
[White "Del Moral de la Bastida, Ramon"]
[Black "Accattato Martin, Mario"]
[Result "1-0"]
[WhiteElo "2095"]
[BlackElo "2053"]
[PlyCount "69"]
[EventDate "2003.06.26"]
[EventType "swiss"]
[EventRounds "8"]
[EventCountry "ESP"]
[SourceTitle "EXT 2004"]
[Source "ChessBase"]
[SourceDate "2003.11.25"]
[SourceVersion "1"]
[SourceVersionDate "2003.11.25"]
[SourceQuality "1"]

1. d4 d5 2. Nf3 Nf6 3. c4 c6 4. Nc3 e6 5. Bg5 dxc4 6. e4 b5 7. e5 h6 8. Bh4 g5 9. Nxg5 hxg5 10. Bxg5 Nbd7 11. g3 Bb7 12. Bg2 Qb6 13. exf6 0-0-0 14. 0-0 c5 15. d5 b4 16. Na4 Qb5 17. a3 Bxd5 18. Bxd5 exd5 19. axb4 cxb4 20. Qg4 Kb7 21. Qd4 Nb6 22. Be3 Bh6 23. f4 Rhe8 24. Nc5+ Kb8 25. Bf2 Bf8 26. Rfe1 Rxe1+ 27. Rxe1 Rc8 28. Re7 Bxe7 29. fxe7 Ka8 30. h4 c3 31. bxc3 b3 32. c4 Qxc4 33. Qe5 Re8 34. Qc7 Rb8 35. Qc6+ 1-0